Bước đường cùng

שמור ב:
מידע ביבליוגרפי
מחבר ראשי: Nguyễn Công Hoan
פורמט: ספר
שפה:Undetermined
יצא לאור: Hà Nội Hội Nhà Văn 1997
נושאים:
תגים: הוספת תג
אין תגיות, היה/י הראשונ/ה לתייג את הרשומה!
Thư viện lưu trữ: Trung tâm Học liệu Trường Đại học Cần Thơ
LEADER 00502nam a2200169Ia 4500
001 CTU_27435
008 210402s9999 xx 000 0 und d
082 |a 895.922331 
082 |b H406b/1997 
100 |a Nguyễn Công Hoan 
245 0 |a Bước đường cùng 
245 0 |c Nguyễn Công Hoan 
260 |a Hà Nội 
260 |b Hội Nhà Văn 
260 |c 1997 
650 |a vietnamese literature - 20th century 
980 |a Trung tâm Học liệu Trường Đại học Cần Thơ